Catalogue of the Russian rural stamps (Record no. 1877)

000 -LEADER
fixed length control field 00363nam a22000977a 4500
008 - FIXED-LENGTH DATA ELEMENTS--GENERAL INFORMATION
fixed length control field 160328b xxu||||| |||| 00| 0 eng d
100 ## - MAIN ENTRY--AUTHOR'S NAME
Author's Name Herrick, Wm.
245 ## - TITLE STATEMENT
Title Catalogue of the Russian rural stamps
260 ## - PUBLICATION, DISTRIBUTION, ETC. (IMPRINT)
Place of publication, distribution, etc. New York
Name of publisher, distributor, etc. Scott Stamp & Coin Co.,
Date of publication, distribution, etc. 1896
650 ## - TOPICAL TERM (Tag)
Topical term or geographic name Russia (-1917) | Locals and Private Posts | Catalogs and Price Lists | Cinderella Material | Zemstvos
Holdings
Withdrawn status Lost status Source of classification or shelving scheme Damaged status Koha normalized classification for sorting Not for loan Permanent Location Current Location Shelving location Date acquired Total Checkouts Full call number Barcode Date last seen Copy number Price effective from Collection code Koha item type
        G7001 L811 H566   Northern Philatelic Library Northern Philatelic Library Closed Stacks 03/28/2016   G7001 .L811 H566 1002178 03/28/2016 1 03/28/2016    
        G7001 L811 H566   Northern Philatelic Library Northern Philatelic Library General Stacks 07/20/2020   G7001 .L811 H566 1005467 07/20/2020 2 07/20/2020   Books

Powered by Koha